| 000 | 00753nam a22002177a 4500 | ||
|---|---|---|---|
| 999 |
_c10093 _d10093 |
||
| 003 | AR-CdUCM | ||
| 008 | 190329b ||||| |||| 00| 0 spa d | ||
| 040 |
_aMUNICIPALIDAD PROVINCIAL DEL CUSCO _cBIBLIOTECA MUNICIPAL DEL CUSCO |
||
| 082 |
_22 ed. _a344.7 / _bM61 / 1934 |
||
| 110 |
_aMinisterios de guerra _926747 |
||
| 245 | _aCódigo de justicia militar / | ||
| 260 |
_aLima : _bGabinete militar, _c1934. |
||
| 300 |
_a70 páginas ; _c22 cm. |
||
| 505 | _aContenido : Prologo -- Policiologia -- No hay privilegios jurídicos -- Detención -- El delito -- El delincuente ... | ||
| 650 |
_aMilitar _91881 |
||
| 650 |
_aDerecho _9739 |
||
| 650 |
_aJusticia _97448 |
||
| 700 |
_aFernandez Garcia, Raul _926748 |
||
| 942 |
_2ddc _cLIBROS |
||
| 945 | _arah | ||